Páginas desconocidas / (Record no. 108757)

MARC details
000 -LEADER
campo de control de longitud fija 01085nam a2200289 4500
001 - NÚMERO DE CONTROL
campo de control 108757
003 - IDENTIFICADOR DE NÚMERO DE CONTROL
campo de control ES-MaACL
005 - FECHA Y HORA DE LA ÚLTIMA TRANSACCIÓN
campo de control 20251113110443.0
007 - CAMPO FIJO DE DESCRIPCIÓN FÍSICA--INFORMACIÓN GENERAL
campo de control de longitud fija t|
008 - DATOS DE LONGITUD FIJA--INFORMACIÓN GENERAL
campo de control de longitud fija 061121s1936 cu r ||||1| spa d
080 ## - NÚMERO DE LA CLASIFICACIÓN DECIMAL UNIVERSAL
Número de la Clasificación Decimal Universal 860(866)-92"18"
100 1# - ENTRADA PRINCIPAL--NOMBRE DE PERSONA
Nombre de persona Montalvo, Juan.
9 (RLIN) 82350
245 10 - MENCIÓN DEL TÍTULO
Título Páginas desconocidas /
Mención de responsabilidad, etc. Juan Montalvo ; [introducción, Roberto Agramonte].
260 ## - PUBLICACIÓN, DISTRIBUCIÓN, ETC.
Lugar de publicación, distribución, etc. La Habana :
Nombre del editor, distribuidor, etc. Cultural,
Fecha de publicación, distribución, etc. [1936]
300 ## - DESCRIPCIÓN FÍSICA
Extensión XVIII, 473 p. ;
Dimensiones 24 cm.
490 1# - MENCIÓN DE SERIE
Mención de serie Publicaciones de la Revista de la Universidad de la Habana ;
Designación de volumen o secuencia 5
490 1# - MENCIÓN DE SERIE
Mención de serie Colección de escritores hispanoamericanos ;
Designación de volumen o secuencia 2
530 ## - NOTA DISPONIBLE DE FORMULARIO FÍSICO ADICIONAL
Nota de formato físico adicional disponible Disponible en formato digital.
700 1# - ENTRADA AGREGADA--NOMBRE PERSONAL
Nombre de persona Agramonte, Roberto.
9 (RLIN) 18586
710 2# - ENTRADA AGREGADA--NOMBRE DE ENTIDAD CORPORATIVA
Nombre de entidad corporativa o nombre de jurisdicción como elemento de entrada Universidad de La Habana.
9 (RLIN) 7191
830 1# - PUNTO DE ACCESO ADICIONAL DE SERIE-TÍTULO UNIFORME
Título uniforme Publicaciones de la Revista de la Universidad de la Habana ;
Designación de volumen o secuencia 5
9 (RLIN) 185571
830 1# - PUNTO DE ACCESO ADICIONAL DE SERIE-TÍTULO UNIFORME
Título uniforme Colección de escritores hispanoamericanos ;
Designación de volumen o secuencia 2
9 (RLIN) 185572
852 ## - LOCALIZACIÓN
Ubicación ES-MaACL
Número de control de estantería D-8714
Ubicación en estantería Sala Valle Inclán
856 4# - LOCALIZACIÓN Y ACCESO ELECTRÓNICOS
Identificador Uniforme de Recursos <a href="https://archive.org/details/PginasDesconocidas/page/n1/mode/2up ">https://archive.org/details/PginasDesconocidas/page/n1/mode/2up </a>
Texto de enlace (Internet Archive)
942 ## - ELEMENTOS DE ENTRADA SECUNDARIOS (KOHA)
Fuente del sistema de clasificación o colocación Clasificación decimal universal
Holdings
Estatus retirado Estado de pérdida Estado de daño No para préstamo Colección Biblioteca de origen Biblioteca actual Ubicación en estantería Fecha de adquisición Fuente de adquisición Total de préstamos Signatura topográfica completa Código de barras Visto por última vez Precio de reemplazo Tipo de ítem Koha
        Colección digital Biblioteca del Ateneo de Madrid Biblioteca del Ateneo de Madrid Sala Valle Inclán 17/01/2008     D-8714 901113483 23/02/2023 23/02/2023 Libro impreso